Composite structures of steel and concrete : (Record no. 527196)
[ view plain ]
| 000 -LEADER | |
|---|---|
| fixed length control field | 00462nam a22001457a 4500 |
| 020 ## - INTERNATIONAL STANDARD BOOK NUMBER | |
| International Standard Book Number | 9781119401384 |
| 040 ## - CATALOGING SOURCE | |
| Transcribing agency | NUST |
| 082 ## - DEWEY DECIMAL CLASSIFICATION NUMBER | |
| Edition number | 4th. |
| Classification number | 624.1821 |
| Author Mark | JOH |
| 100 ## - MAIN ENTRY--PERSONAL NAME | |
| Personal name | Johnson, Roger P. |
| 9 (RLIN) | 18336 |
| 245 ## - TITLE STATEMENT | |
| Title | Composite structures of steel and concrete : |
| Remainder of title | Beams, slabs, columns and frames for buildings / |
| Statement of responsibility, etc. | Roger P. Johnson. |
| 260 ## - PUBLICATION, DISTRIBUTION, ETC. | |
| Place of publication, distribution, etc. | Chennai : |
| Name of publisher, distributor, etc. | Wiley & Sons Ltd. |
| Date of publication, distribution, etc. | 2019 |
| 300 ## - PHYSICAL DESCRIPTION | |
| Extent | ill, 265 p. : |
| Dimensions | 22 cm. |
| 500 ## - GENERAL NOTE | |
| General note | Includes Indexes. |
| 942 ## - ADDED ENTRY ELEMENTS (KOHA) | |
| Source of classification or shelving scheme | |
| Koha item type | Book |
| Withdrawn status | Lost status | Source of classification or shelving scheme | Damaged status | Not for loan | Permanent Location | Current Location | Date acquired | Total Checkouts | Full call number | Barcode | Date last seen | Price effective from | Koha item type |
|---|---|---|---|---|---|---|---|---|---|---|---|---|---|
| NUST Baluchistan Campus (NBC) | NUST Baluchistan Campus (NBC) | 07/23/2019 | 624.1821 JOH | Q-279 | 07/23/2019 | 07/23/2019 | Book |
